Leaders & the leadership process : readings, self-assessments & applications /
This collection of readings, self-assessments, case studies and exercises provides a sense of the complexity associated with leadership in organizations as well as an understanding of the pieces that serve to define leadership
Saved in:
| Main Author: | |
|---|---|
| Other Authors: | , |
| Format: | Book |
| Language: | English |
| Published: |
Boston :
McGraw-Hill Irwin,
c2008.
|
| Edition: | 5th ed. |
| Subjects: | |
| Online Access: | Publisher description Table of contents only |
| Tags: |
Add Tag
No Tags, Be the first to tag this record!
|
MARC
| LEADER | 00000cam a2200000 a 4500 | ||
|---|---|---|---|
| 001 | 14998660 | ||
| 003 | MU | ||
| 005 | 20220920061319.0 | ||
| 008 | 070907s2008 maua b 001 0 eng | ||
| 010 | |a 2007036792 | ||
| 020 | |a 9780073530284 (alk. paper) | ||
| 020 | |a 007353028X (alk. paper) |c Tzs 10,000/= | ||
| 040 | |a MUL |c MUL | ||
| 050 | 0 | 0 | |a HM1261 |b .L413 2008 |
| 082 | 0 | 0 | |a 303.34 PIE |2 22 |b 1 |
| 100 | |a Pierce, Jon L. |d (author) | ||
| 245 | 0 | 0 | |a Leaders & the leadership process : |b readings, self-assessments & applications / |c Jon L. Pierce, and John W. Newstrom. |
| 246 | 3 | |a Leaders and the leadership process | |
| 250 | |a 5th ed. | ||
| 260 | |a Boston : |b McGraw-Hill Irwin, |c c2008. | ||
| 300 | |a xlvi, 530 p. : |b some col. ill. ; |c 28 cm. | ||
| 504 | |a Includes bibliographical references and index. | ||
| 520 | |a This collection of readings, self-assessments, case studies and exercises provides a sense of the complexity associated with leadership in organizations as well as an understanding of the pieces that serve to define leadership | ||
| 650 | 0 | |a Leadership. | |
| 650 | 0 | |a Leadership |v Case studies. | |
| 650 | 0 | |a Leadership |v Problems, exercises, etc. | |
| 700 | 1 | |a Pierce, Jon L. |q (Jon Lepley) | |
| 700 | 1 | |a Newstrom, John W. | |
| 856 | 4 | 2 | |3 Publisher description |u http://www.loc.gov/catdir/enhancements/fy0743/2007036792-d.html |
| 856 | 4 | 1 | |3 Table of contents only |u http://www.loc.gov/catdir/enhancements/fy0743/2007036792-t.html |
| 906 | |a 7 |b cbc |c orignew |d 1 |e ecip |f 20 |g y-gencatlg | ||
| 942 | |2 ddc |c BK |n 0 | ||
| 999 | |c 454 |d 454 | ||